000
00217nam a22000857a 4500
008
160629b xxu||||| |||| 00| 0 eng d
100
_9
1388
_a
Punj, P., et al
245
_a
Let's Learn Computer
260
_a
N.D
_b
Avichal
_c
2003
999
_c
1147
_d
1147